000 00380nam a2200169Ia 4500
003 Ost
005 20260225132600.0
008 260225s9999||||xx |||||||||||||| ||und||
020 _a99610547
040 _cfsic
041 _afre
082 _a70.4
100 _aJudith lazar
_eAuteur
245 0 _ala science de la communication /
245 0 _cJudith lazar
942 _cكتاب
999 _c34734
_d34734